| 000 | 01048cam a2200313 a 4500 | ||
|---|---|---|---|
| 999 |
_c7108 _d7108 |
||
| 001 | 16040786 | ||
| 003 | OSt | ||
| 005 | 20220110122024.0 | ||
| 008 | 100105s2010 enka b 001 0 eng | ||
| 010 | _a 2010000127 | ||
| 015 |
_aGBB046108 _2bnb |
||
| 016 | 7 |
_a015522281 _2Uk |
|
| 020 | _a0030018722 | ||
| 035 | _a(OCoLC)ocn500241736 | ||
| 040 |
_aDLC _cDDC _dYDXCP _dBWKUK _dBWK _dCDX _dUKM _dBWX _dDLC |
||
| 050 | 0 | 0 |
_aQH604 _b.M63 2010 |
| 082 | 0 | 0 | _aQU4 C153b 1999 |
| 100 |
_aCampbell, Mary K. _d1961- _914648 |
||
| 245 | 0 | 0 | _aBiochemistry |
| 250 | _a2nd ed. | ||
| 260 |
_aPhiladelphia; _bSaunders College Publishing, _c1999 |
||
| 300 |
_axxv,657p; _bCol.ill: _c26 cm. |
||
| 504 | _aAnswers,glossary, index included | ||
| 650 | 0 |
_aBiochemistry _95602 |
|
| 856 | 4 | 2 |
_3Cover image _uhttp://assets.cambridge.org/97805218/82736/cover/9780521882736.jpg |
| 906 |
_a7 _bcbc _corignew _d1 _eecip _f20 _gy-gencatlg |
||
| 942 |
_2ddc _cO_SHELF |
||